Hit Cover Versions - Statistics

General Stats
  • This quiz has been taken 43 times
    42 since last reset
  • The average score is 8 of 20
Answer Stats
Hint Answer % Correct
Venus - Shocking Blue (1986) Bananarama
89%
With A Little Help From My Friends - The Beatles (1967) Joe Cocker
84%
American Pie - Don McLean (2000) Madonna
68%
You Keep Me Hanging On - The Supremes (1986) Kim Wilde
63%
Always On My Mind - Elvis Presley (1987) Pet Shop Boys
63%
MacArthur Park - Richard Harris (1978) Donna Summer
53%
It Only Takes A Minute - Tavares (1992) Take That
47%
The Man Who Sold The World - David Bowie (1974) Lulu
42%
I Only Want To Be With You - Dusty Springfield (1979) Tourists
42%
Only You - Yazoo (1983) Flying Pickets
37%
Tragedy - Bee Gees (1998) Steps
37%
Three Steps To Heaven - Eddie Cochrane (1975) Showaddywaddy
26%
Light My Fire - The Doors (1979) Amii Stewart
21%
The Day Before You Came - Abba (1984) Blancmange
21%
Happy Together - The Turtles (1991) Jason Donovan
21%
Rocket Man - Elton John (1991) Kate Bush
21%
All Day And All of The Night - The Kinks (1988) Stranglers
21%
Let's Hang On - Four Seasons (1981) Barry Manilow
16%
I Want To Hold Your Hand - The Beatles (1979) Dollar
11%
Celebration - Kool & The Gang (1992) Kylie Minogue
11%
No matching quizzes found
Score Distribution
Percent of People with Each Score
Percentile by Number Answered
Your Score History
You have not taken this quiz since the last reset